MARC details
| 000 -LEADER |
| fixed length control field |
01778pam a2200361 i 4500 |
| 001 - CONTROL NUMBER |
| control field |
sjdszcodcb b6645868 |
| 003 - CONTROL NUMBER IDENTIFIER |
| control field |
sjds |
| 005 - DATE AND TIME OF LATEST TRANSACTION |
| control field |
20240626182806.0 |
| 007 - PHYSICAL DESCRIPTION FIXED FIELD--GENERAL INFORMATION |
| fixed length control field |
t| |
| 008 - FIXED-LENGTH DATA ELEMENTS--GENERAL INFORMATION |
| fixed length control field |
160118s2016 nyu 000 1 eng d |
| 010 ## - LIBRARY OF CONGRESS CONTROL NUMBER |
| LC control number |
bl2016002197 |
| 020 ## - INTERNATIONAL STANDARD BOOK NUMBER |
| International Standard Book Number |
9781496700780 |
| 020 ## - INTERNATIONAL STANDARD BOOK NUMBER |
| International Standard Book Number |
1496700783 |
| 040 ## - CATALOGING SOURCE |
| Original cataloging agency |
NjBwBT |
| Language of cataloging |
eng |
| Description conventions |
rda |
| Transcribing agency |
NjBwBT |
| Modifying agency |
NjBwBT |
| -- |
UtOrBLW |
| 100 1# - MAIN ENTRY--PERSONAL NAME |
| Personal name |
McKevett, G. A., |
| Relator term |
author. |
| Authority record control number |
n 95079643 |
| -- |
http://id.loc.gov/authorities/names/n95079643. |
| Relator code |
aut. |
| 245 10 - TITLE STATEMENT |
| Title |
Killer reunion / |
| Statement of responsibility, etc. |
G.A. McKevett. |
| 250 ## - EDITION STATEMENT |
| Edition statement |
First Kensington hardcover edition. |
| 260 ## - PUBLICATION, DISTRIBUTION, ETC. (IMPRINT) |
| Place of publication, distribution, etc. |
New York, New York : |
| Name of publisher, distributor, etc. |
Kensington Books, |
| Date of publication, distribution, etc. |
2016. |
| 264 #1 - PRODUCTION, PUBLICATION, DISTRIBUTION, MANUFACTURE, AND COPYRIGHT NOTICE |
| Place of production, publication, distribution, manufacture |
New York, New York : |
| Name of producer, publisher, distributor, manufacturer |
Kensington Books, |
| Date of production, publication, distribution, manufacture, or copyright notice |
2016. |
| 300 ## - PHYSICAL DESCRIPTION |
| Extent |
307 pages ; |
| Dimensions |
22 cm. |
| 336 ## - CONTENT TYPE |
| Content type term |
text |
| Source |
rdacontent |
| Content type code |
txt. |
| 337 ## - MEDIA TYPE |
| Media type term |
unmediated |
| Source |
rdamedia |
| Media type code |
n. |
| 338 ## - CARRIER TYPE |
| Carrier type term |
volume |
| Source |
rdacarrier |
| Carrier type code |
nc. |
| 490 1# - SERIES STATEMENT |
| Series statement |
A Savannah Reid mystery. |
| 520 ## - SUMMARY, ETC. |
| Summary, etc. |
Triumphantly attending her twenty-fifth high school reunion with her handsome husband, Savannah confronts her nasty former nemesis and is forced to clear her name when the woman is found murdered amid rumors about another suspicious death. |
| 650 #0 - SUBJECT ADDED ENTRY--TOPICAL TERM |
| Topical term or geographic name as entry element |
Reid, Savannah (Fictitious character) |
| Form subdivision |
Fiction. |
| Authority record control number |
sh2010110607 |
| -- |
http://id.loc.gov/authorities/subjects/sh2010110607. |
| 650 #0 - SUBJECT ADDED ENTRY--TOPICAL TERM |
| Topical term or geographic name as entry element |
Women private investigators |
| Form subdivision |
Fiction. |
| Authority record control number |
sh2008113647 |
| -- |
http://id.loc.gov/authorities/subjects/sh2008113647. |
| 650 #0 - SUBJECT ADDED ENTRY--TOPICAL TERM |
| Topical term or geographic name as entry element |
Class reunions |
| Form subdivision |
Fiction. |
| Authority record control number |
sh2008100184 |
| -- |
http://id.loc.gov/authorities/subjects/sh2008100184. |
| 650 #0 - SUBJECT ADDED ENTRY--TOPICAL TERM |
| Topical term or geographic name as entry element |
Murder |
| Form subdivision |
Fiction. |
| Authority record control number |
sh2008107179 |
| -- |
http://id.loc.gov/authorities/subjects/sh2008107179. |
| 655 #7 - INDEX TERM--GENRE/FORM |
| Genre/form data or focus term |
Mystery fiction. |
| Source of term |
gsafd. |
| 800 1# - SERIES ADDED ENTRY--PERSONAL NAME |
| Personal name |
McKevett, G. A. |
| Title of a work |
Savannah Reid mystery. |
| Authority record control number |
nr2003011215 |
| -- |
http://id.loc.gov/authorities/names/nr2003011215. |
| 942 ## - ADDED ENTRY ELEMENTS (KOHA) |
| Koha item type |
Libro/Book |